The prediction of future claims a regression credibility approach

Gespeichert in:
Bibliographische Detailangaben
1. Verfasser: Pacáková, Viera
Weitere Verfasser: Šoltés, Erik, 1974-
Format: Buchkapitel
Sprache:Englisch
Tags: Tag hinzufügen
Keine Tags, Fügen Sie das erste Tag hinzu!

MARC

LEADER 00000naa$a2200000$$$4500
001 0062245
005 20240502083149.9
041 0 |a eng 
044 |a PL 
245 1 0 |a The prediction of future claims  |b a regression credibility approach  |c Viera Pacáková, Erik Šoltés 
100 1 |a Pacáková, Viera 
700 1 |a Šoltés, Erik, 1974-